[Event "North American-ch U20"]
[Site "Dulles"]
[Date "2023.12.21"]
[Round "5"]
[White "Kung, Thomas"]
[Black "Yogeshwar, Yehamandram Sridhar"]
[Result "0-1"]
[WhiteElo "2222"]
[BlackElo "2013"]
[PlyCount "128"]
[EventDate "2023.12.19"]
[EventType "swiss"]
[EventRounds "9"]
[EventCountry "USA"]
[SourceTitle "CB52_2023"]
[SourceDate "2023.12.27"]
[SourceVersion "1"]
[SourceVersionDate "2023.12.27"]
[SourceQuality "1"]

1. e4 c5 2. Nf3 d6 3. d4 cxd4 4. Nxd4 Nf6 5. Nc3 a6 6. Be3 e5 7. Nb3 Be6 8. f3 Nbd7 9. g4 Nb6 10. g5 Nh5 11. Qd2 Be7 12. 0-0-0 0-0 13. Kb1 Nc4 14. Bxc4 Bxc4 15. Na4 b5 16. Na5 Bxa2+ 17. Kxa2 bxa4 18. Nc6 Qe8 19. Nxe7+ Qxe7 20. Qxd6 Qxd6 21. Rxd6 f6 22. gxf6 Nxf6 23. Re6 Nd7 24. Rd1 Rf7 25. c4 Rc8 26. c5 Nxc5 27. Rxe5 Nd7 28. Rg5 h6 29. Rg3 Kh7 30. Rc1 Rxc1 31. Bxc1 g5 32. h4 gxh4 33. Rh3 Nc5 34. Be3 Nd3 35. f4 Rb7 36. Rxh4 Rxb2+ 37. Ka3 Re2 38. Rh3 Ne1 39. Kxa4 Ng2 40. Bc1 Rxe4+ 41. Ka5 Rc4 42. Bd2 Rc2 43. Rd3 Rc6 44. Rg3 Nh4 45. Bc3 Nf5 46. Rd3 h5 47. Be5 h4 48. Rd8 Rh6 49. Rd7+ Kg8 50. Rd2 h3 51. Rh2 Kf7 52. Kb4 Ke6 53. Kc3 Ng3 54. Kd3 Nf1 55. Rh1 h2 56. Bc7 Kf5 57. Rxf1 h1Q 58. Rxh1 Rxh1 59. Kc2 Rh7 60. Bd6 Rb7 61. Kc3 a5 62. Kc2 a4 63. Kc3 Rb6 64. Bc5 Rc6 0-1

[Event "Dulles Colonial op 3rd"]
[Site "Dulles"]
[Date "2022.04.13"]
[Round "1"]
[White "Yogeshwar, Yehamandram Sridhar"]
[Black "Adu, Oladapo"]
[Result "1/2-1/2"]
[WhiteElo "1853"]
[BlackElo "2138"]
[PlyCount "111"]
[EventDate "2022.04.13"]
[EventType "swiss"]
[EventRounds "9"]
[EventCountry "USA"]
[SourceTitle "CBM 207 Extra"]
[Source "ChessBase"]
[SourceDate "2022.05.31"]
[SourceVersion "1"]
[SourceVersionDate "2022.05.31"]
[SourceQuality "1"]

1. c4 e6 2. Nc3 d5 3. e3 Nf6 4. Nf3 Nbd7 5. b3 c6 6. Bb2 Bd6 7. d4 0-0 8. Bd3 Qe7 9. 0-0 dxc4 10. bxc4 e5 11. Qc2 Re8 12. Ng5 h6 13. Nge4 Bc7 14. Ng3 Nf8 15. d5 Bd7 16. Qb3 Reb8 17. Rfd1 cxd5 18. cxd5 b5 19. Rac1 Bd6 20. Nce4 Nxe4 21. Nxe4 a5 22. Nxd6 Qxd6 23. Qc3 f6 24. Qc5 Qxc5 25. Rxc5 Kf7 26. Be2 Rb6 27. e4 Ke7 28. g3 g5 29. f4 gxf4 30. gxf4 Ng6 31. fxe5 fxe5 32. d6+ Rxd6 33. Rxd6 Kxd6 34. Rd5+ Ke7 35. Bxb5 Be6 36. Ba3+ Kf7 37. Bc4 Rg8 38. Kf2 Nf4 39. Rxe5 Nh3+ 40. Ke3 Bxc4 41. Rxa5 Rd8 42. Kf3 Bxa2 43. Bc1 Rd3+ 44. Kg4 Be6+ 45. Kh5 Nf2 46. Ra7+ Ke8 47. h4 Nxe4 48. Kxh6 Rg3 49. Bg5 Nxg5 50. hxg5 Bf5 51. Ra5 Rh3+ 52. Kg7 Rh7+ 53. Kf6 Rf7+ 54. Ke5 Kf8 55. Ra6 Kg7 56. Rf6 1/2-1/2

[Event "North American-ch U20"]
[Site "Charlotte"]
[Date "2021.12.19"]
[Round "1"]
[White "Yogeshwar, Yehamandram Sridhar"]
[Black "Park, Evan"]
[Result "0-1"]
[WhiteElo "1866"]
[BlackElo "2310"]
[PlyCount "104"]
[EventDate "2021.12.19"]
[EventType "swiss"]
[EventRounds "9"]
[EventCountry "USA"]
[SourceTitle "CBM 205 Extra"]
[Source "ChessBase"]
[SourceDate "2022.01.31"]
[SourceVersion "1"]
[SourceVersionDate "2022.01.31"]
[SourceQuality "1"]

1. c4 e6 2. Nf3 d5 3. e3 Nf6 4. Be2 dxc4 5. Bxc4 a6 6. 0-0 c5 7. d4 Nc6 8. dxc5 Bxc5 9. Qxd8+ Kxd8 10. Rd1+ Ke7 11. b3 b5 12. Be2 Bb7 13. Bb2 Rhd8 14. Nbd2 Nb4 15. Rdc1 Rac8 16. Ba3 Nc2 17. Bxc5+ Rxc5 18. Rab1 Rdc8 19. a4 Nd4 20. Rxc5 Nxe2+ 21. Kf1 Rxc5 22. Kxe2 Nd5 23. Rb2 Rc1 24. axb5 axb5 25. b4 Nc3+ 26. Kd3 Nd1 27. Ra2 Nxf2+ 28. Ke2 Ne4 29. Ra7 Nd6 30. Nd4 Rc7 31. e4 Rd7 32. Ke3 f6 33. g3 Nc4+ 34. Nxc4 bxc4 35. Ra3 e5 36. Nb5 Rd1 37. Ra7 Rd3+ 38. Ke2 Rd7 39. Ke3 Ke6 40. Ra3 Rd1 41. Nc3 Rd3+ 42. Ke2 Bxe4 43. Ra6+ Kf5 44. Nxe4 Kxe4 45. Rc6 c3 46. Rc4+ Rd4 47. Rxc3 Rxb4 48. h4 Rb2+ 49. Kf1 h5 50. Ra3 Kf5 51. Re3 Kg4 52. Kg1 Kh3 0-1

[Event "Dulles Cherry Blossom op"]
[Site "Dulles"]
[Date "2021.05.30"]
[Round "7"]
[White "Wu, Rochelle"]
[Black "Yogeshwar, Yehamandram Sridhar"]
[Result "1-0"]
[WhiteElo "2144"]
[BlackElo "1824"]
[PlyCount "91"]
[EventDate "2021.05.27"]
[EventType "swiss"]
[EventRounds "9"]
[EventCountry "USA"]
[SourceTitle "CBM 203 Extra"]
[Source "ChessBase"]
[SourceDate "2021.09.30"]
[SourceVersion "1"]
[SourceVersionDate "2021.09.30"]
[SourceQuality "1"]

1. d4 Nf6 2. Bg5 d5 3. Nd2 g6 4. Bxf6 exf6 5. e3 Bg7 6. g3 0-0 7. Bg2 Be6 8. Ne2 c5 9. dxc5 Qa5 10. Nf4 Rd8 11. 0-0 Nc6 12. Nb3 Qc7 13. Nd4 Qe7 14. Nd3 Ne5 15. b4 Rac8 16. Nf4 b6 17. cxb6 axb6 18. a3 f5 19. Qe2 Rc4 20. Rfd1 Nc6 21. Nxc6 Rxc6 22. Rab1 Rdc8 23. Bxd5 Rxc2 24. Qb5 Bxd5 25. Nxd5 Qe4 26. Qd3 Qe6 27. Rd2 Rxd2 28. Qxd2 Rd8 29. Rd1 Kh8 30. Qd3 h5 31. a4 Qc6 32. b5 Qe6 33. h4 Rd6 34. Qc4 Kh7 35. Rd3 Be5 36. Qb3 Kg7 37. Qd1 Qc8 38. Nb4 Re6 39. Nc6 Rxc6 40. bxc6 Qxc6 41. Qb3 Bf6 42. Qb5 Qc1+ 43. Kg2 f4 44. exf4 Qc2 45. Rf3 Bd4 46. f5 1-0